书目信息 |
| 题名: |
古史辨
|
|
| 作者: | 顾颉刚 著 | |
| 分册: | 三 | |
| 出版信息: | 上海 上海古籍出版社 1982.08 |
|
| 页数: | 706页 | |
| 开本: | 20cm | |
| 丛书名: | ||
| 单 册: | ||
| 中图分类: | K06 | |
| 科图分类: | ||
| 主题词: | 历史--研究 | |
| 电子资源: | ||
| ISBN: | ||
| 000 | 00484nam0 2200193 45 | |
| 001 | 0312221749 | |
| 005 | 20040508171804.0 | |
| 010 | @dCNY2.95 | |
| 100 | @a20031222d1982 km y0chiy0120 ea | |
| 101 | @achi | |
| 105 | @a z 000yy | |
| 200 | 1 | @a古史辨@h三@AGu Shi Bian@f顾颉刚著@FGu Jie Gang Zhu |
| 210 | @a上海@c上海古籍出版社@d1982.08 | |
| 215 | @a706页@d20cm | |
| 606 | 0 | @a历史@x研究 |
| 690 | @aK06@v3 | |
| 701 | 0 | @a顾颉刚@4著 |
| 801 | @aCN@bTSTCL@c20031222 | |
| 905 | @dK06@e2:3 | |
| 古史辨.三/顾颉刚著.-上海:上海古籍出版社,1982.08 |
| 706页;20cm |
| ISBN :CNY2.95 |
| ● |
| 相关链接 |
|
|
|
|
正题名:古史辨
索取号:K06/2:3
 
预约/预借
| 序号 | 登录号 | 条形码 | 馆藏地/架位号 | 状态 | 备注 |
| 1 | 0083126 | 001418941 | 第二样本阅览室/ [索取号:K06/2:3] | 在馆 | |
| 2 | 0083127 | 001418950 | 密集书库/ [索取号:K06/2:3] | 在馆 | |
| 3 | 0083128 | 001529322 | 密集书库/ [索取号:K06/2:3] | 在馆 |